Central Library OPAC University of Rajshahi

Europe in Renaissance and Reformation / (Record no. 63390)

MARC details
000 -LEADER
fixed length control field 00766nam a2200241 a 4500
001 - CONTROL NUMBER
control field 63390
003 - CONTROL NUMBER IDENTIFIER
rucl marc code BD-RjUL
005 - DATE AND TIME OF LATEST TRANSACTION
control field 20211209081207.0
008 - FIXED-LENGTH DATA ELEMENTS--GENERAL INFORMATION
fixed length control field 170130s1963 enkabc 001 0 eng d
035 ## - SYSTEM CONTROL NUMBER
System control number (BD-RjUL)63519
040 ## - CATALOGING SOURCE
Original cataloging agency CWR
Transcribing agency CWR
Modifying agency BD-RjUL
Language of cataloging eng
041 ## - LANGUAGE CODE
Language code of text/sound track or separate title eng
082 04 - DEWEY DECIMAL CLASSIFICATION NUMBER
Classification number 940.2
Edition number 23
Author mark and year THE 1963
090 ## - LOCALLY ASSIGNED LC-TYPE CALL NUMBER (OCLC); LOCAL CALL NUMBER (OCLC)
Classification number (OCLC) (R) ; Classification number, CALL (RLIN) (NR) D228
Local cutter number (OCLC) ; Book number/undivided call number, CALL (RLIN) .T46 1963
100 1# - MAIN ENTRY--PERSONAL NAME
Personal name Thomson, Samuel Harrison,
Dates associated with a name 1895-1975
9 (RLIN) 188622
245 10 - TITLE STATEMENT
Title Europe in Renaissance and Reformation /
Statement of responsibility, etc. S. Harrison Thomson.
260 ## - PUBLICATION, DISTRIBUTION, ETC. (IMPRINT)
Place of publication, distribution, etc. New York :
Name of publisher, distributor, etc. Harcourt, Brace & World,
Date of publication, distribution, etc. 1963.
300 ## - PHYSICAL DESCRIPTION
Pagination x, 854 p. :
Illustrations ill. ;
Size 24 cm.
504 ## - BIBLIOGRAPHY, ETC. NOTE
Bibliography, etc Includes bibliographical references and index.
651 #0 - SUBJECT ADDED ENTRY--GEOGRAPHIC NAME
Geographic name Europe
General subdivision History
Chronological subdivision 476-1492.
9 (RLIN) 188623
Geographic name Europe
General subdivision History
Chronological subdivision 1492-1648.
9 (RLIN) 188624
942 ## - ADDED ENTRY ELEMENTS (KOHA)
Source of classification or shelving scheme Dewey Decimal Classification
Koha item type Books
Holdings
Lost status Source of classification or shelving scheme Damaged status Not for loan Collection code Permanent Location Current Location Shelving location Date acquired Source of acquisition Cost, normal purchase price Total Checkouts Full call number Date last seen Copy number Koha item type
  Dewey Decimal Classification   Not For Loan Non-fiction Central Library, University of Rajshahi Central Library, University of Rajshahi Reading Room 16/07/1964 N/A 72.00   940.2 THE 1963 30/01/2017 C-1 Books